MDQL
is popping MORE tags! Check the
thread
!
Quizzes
Events
Quiz Creation
Community
Videos
Private Events
Remove Ads
Sign In
Join for FREE
Feedback
Dark Mode
Quiz Categories
Sports
Geography
Music
Movies
Television
Just For Fun
Miscellaneous
History
Literature
Language
Science
Gaming
Entertainment
Religion
Holiday
For Kids
Quiz Lab
Recent
Popular Today
Quiz Kudos Today
Editor Picks
Curator Picks
Quizzes by...
Day
Popularity
Type
Ratings
Length
Year
Community
Subscriptions
Recent Discussions
Orange Saloon
Badges
Playlists
Quests
Create
Leaderboards
Showdown
Live 5
Trivia Bingo
Activity
Puzzle Library
Sporcle Events
Private Events
Virtual Trivia
Globe League
Become a Host
Pub Owners
SporcleCon
Opinionation
Our Games
Videos
Blog
Mobile Apps
Partnerships
Remove Ads and Go Orange
Feedback
Science
Computer
Plants
Astronomy
Chemistry
Elements
Math
Animal
Physics
Anatomy
Biology
Geology
General Science
Science
Computer
Plants
Astronomy
Chemistry
Elements
Math
Animal
Physics
Anatomy
Biology
Geology
General Science
Random Quiz
Search Sporcle
×
Quiz Lab
Quiz Lab
Science
Chemistry
Type in answers that appear in a list
Type in answers that appear in a list
Classic
Best Score? Go Orange.
What subunits make up the Macromolecules? Stats
Can you name What subunits make up the Macromolecules?
By
folie_a_deux
60s
4 Questions
181 Plays
181 Plays
181 Plays
Comments
Comments
Give Quiz Kudos
Give Quiz Kudos
-
- Ratings
hide this ad
Replay
Link that replays current quiz
Next Quiz
Link to next quiz in quiz playlist
You Got
0%
They Got
Avg Score
80%
Avg Friend Score
Upgrade to see
Score Distribution
Jump to the score distribution portion of the page
Score
0/4
Timer
01:00
0
Plays Today
Hint
Answer
% Correct
Proteins
Amino Acid
90.6%
Nucleic Acids
Nucleotides
78.5%
Carbohydrates
Monosaccharides
77.3%
Lipids
Fatty Acid
76.8%
Quiz Playlist
Details
Report
Send in Message
Add To Playlist
Classic:
Type in answers that appear in a list
Quiz Source
Last Updated: Feb 16, 2017
Quiz Scoreboard
CHALLENGE
Sign Up to Join the Scoreboard
Show All
Scores
Hide
Comments
May contain spoilers
Recently Published
Colored Red Africa Blitz
by spor1
Geography
30s
Find the 'City' Movie
by crazypaving
Movies
60s
5x2 Blitz: Bands
by SL_Kpop136
Music
30s
More to Explore
Quiz From the Vault
Featured Blog Post
14 Easter Pick-up Lines to Find Eggs With
hide this ad
You Might Also Like...
Tags
Chemistry Quiz
subunit
Today's Top Quizzes in Science
Browse Science
hide this ad
Today's Top Quizzes in Chemistry
Browse Chemistry
Top Contributed Quizzes in Science
1
Glycolysis
2
'C' Flowers II
3
Sorting Squares: Animals by Continent
4
Square Numbers Scrambled (1-50)
5
Amino Acid Groups
6
Get the Picture: Gas Welding Flames
7
Medical Terminology Roots
8
ϛoRͲ1nℊ Blitz: Common Stuff
9
Glycolysis - Substrates (fill in the blank)
10
Call A Doctor! Ailments 7-to-1
Explore More
Trending Topics
Harry Potter
Disney
Marvel
Crossword
Anime
Kpop
NBA
Puzzle
Country
NFL
Soccer
Song
WWE
The Office
Pokémon
hide this ad
More By:
folie_a_deux
Quiz
Plays
Rating
Category
Featured
Created
Horror Movie Villains & Monsters
1,728
3.00
Movies
Oct 26, 2013
30 Greatest Cult TV Shows
1,463
3.83
Television
Nov 11, 2013
National Parks Match
181
3.43
Geography
Sep 15, 2013
What subunits make up the Macromolecules?
181
3.00
Science
Oct 18, 2013
What does DNA stand for?
164
4.00
Science
Oct 14, 2013
Go to Creator's Profile
Score Distribution
Quiz Creator Spotlight
folie_a_deux
Follow
Send a Message
Quizzes Created
-
Created Quiz Play Count
-
More By This Creator
Popular Quizzes Today
1
5x2 Blitz: Bands
2
Find the 'City' Movie
3
Colored Red Africa Blitz
4
Find the US States - No Outlines Minefield
5
The Countries of the World
6
Find the US States
7
9x9 Crossword: Cartoon Network
8
US States
More Science Quizzes
Night Sky Phenomena
Published
Trending Quizzes
Colored Red Africa Blitz II
Colored Red Europe Blitz I
Christmas Pick: Judaism
Colored Red Africa Blitz III
Colored Red Europe Blitz II
Recently Updated
Champions League XIs: Real Madrid
pecheneg
Largest US Cities 1790-2010
pecheneg
Rides in Walt Disney World
pecheneg
Most Oscar Losses (Acting)
pecheneg
Beyoncé Albums
pecheneg
Leaping Animals
pecheneg
Reality TV Shows (A-Z)
bhenderson79
Rickey Henderson's Hall of Fame Teammates
pecheneg
Champions League XIs: Arsenal
pecheneg
Quick Pick: Celebrities in WWE's Hall of Fame
aduchscher
Trending Topics
Marvel
Harry Potter
Disney
Crossword
Anime
NBA
Kpop
Pokémon
WWE
The Office
Puzzle
Song
Country
Soccer
NFL
Your Account Isn't Verified!
In order to create a playlist on Sporcle, you need to verify the email address you used during registration. Go to your
Sporcle Settings
to finish the process.
Report this User
Report this user for behavior that violates our
Community Guidelines
.
Details:
Send Report
Go to the Sporcle.com Mobile Site →
Comments